000 00796nam a2200241 a 4500
001 47067
003 BD-RjUL
005 20211209054244.0
008 160807r19681951nyu b 001 0beng
035 _a(BD-RjUL)47186
040 _aDLC
_cDLC
_dDLC
_dBD-RjUL
_beng
041 _aeng
082 0 0 _a347.9973
_223
_bHEC 1968
100 1 _aHendel, Samuel,
_d1909-
_9143355
245 1 0 _aCharles Evans Hughes and the Supreme Court /
260 _aNew York :
_bRussell & Russell,
_cc1951, [reprinted 1968]
300 _axii, 337 p. ;
_c23 cm.
500 _aFirst published in 1951 as thesis, Columbia University.
504 _aBibliographical references included in "Notes" (p. [297]-328)
600 _aHughes, Charles Evans,
_d1862-1948.
_9143356
942 _2ddc
_cBK
999 _c47067
_d47067